Kürt meselesi (Record no. 12550)

MARC details
000 -BAŞLIK
Sabit Uzunlukta Kontrol Alanı 00762na a2200253 4500
001 - KONTROL NUMARASI
Denetim Alanı 24610
003 - KONTROL NUMARASI IDENTIFIER
Denetim Alanı MIRAKIL
005 - SON İŞLEM TARİHİ VE ZAMANI
Denetim Alanı 20190109120944.0
008 - SABİT-BOY VERİ ELEMANLARI - GENEL BİLGİLER
Sabit Uzunlukta Kontrol Alanı 181218b tu 000 0
020 ## - ULUSLARARASI STANDART KİTAP NUMARASI
Uluslararası Standart Kitap Numarası 9757369314
041 ## - DİL KODU
Metin / Ses Parça Veya Ayrı Başlığın Dil Kodu tur
082 ## - DEWEY ONLU SINIFLANDIRMA NUMARASI
Sınıflandırma Numarası 323.1191590561
Ürün Numarası K26k 1994
090 ## - SINIFLAMA NUMARASI
Sınıflama Numarası 323.1191590561 K26k 1994
100 ## - ANA GİRİŞ - KİŞİSEL İSİM
Kişisel Ad Karabekir, Kazım
245 ## - BAŞLIK TABLOSU
Başlık Kürt meselesi
Sorumluluk Tablosu, Vb Kazım Karabekir ; yayına hazırlayan Faruk Özerengin
260 ## - YAYIN, DAĞITIM, VB
Yayın, Dağıtım, Vb Yeri İstanbul
Yayıncı, Dağıtıcı, Vs Adı Emre yayınları
Yayın, Dağıtım, Vb Tarihi 1994
Üretici Firma Oğul Matbaacılık
300 ## - FİZİKSEL TANIM
Kapsam 294 s.
Boyutlar 19 sm.
440 ## - SERİSİ TABLOSU / KATMA GİRİŞİ - BAŞLIK
Başlık Emre Yayınları
Hacim / Ardışık Tanımı 32
490 ## - SERİSİ TABLOSU
Seri Beyanı Yakın tarih serisi
Hacim / Ardışık Tanımı 20
650 ## - KONU KATMA GİRİŞ - TOPİKAL DÖNEM
Topikal Süreli Veya Coğrafi Ad Giriş Elemanı Kürt Sorunu
Genel Alt Bölümü Tarih
Coğrafi Alt Bölümü Türkiye
650 ## - KONU KATMA GİRİŞ - TOPİKAL DÖNEM
Topikal Süreli Veya Coğrafi Ad Giriş Elemanı Türkiye
Genel Alt Bölümü Kürt sorunu
700 ## - KATMA GİRİŞ - KİŞİSEL İSİM
Kişisel Ad Özerengin, Faruk
Relator Terim yay. haz.
942 ## - EKLENDİ GİRİŞ ELEMANLARI (KOHA)
Sınıflandırma Veya Raf Düzeni Kaynak Dewey Decimal Classification
Koha Öğesi Türü Books
999 ## - SİSTEM KONTROL NUMARALARI (KOHA)
Koha Biblionumber 12550
Koha Biblioitemnumber 12550
Holdings
Kalıcı Konum Mevcut Konum Edinme Tarihi Edinim Kaynak Toplam Check-Out'Lar Tam Çağrı Numarası Barkod Tarih Son Görülme İtibaren Geçerli Fiyatlar Koha Öğesi Türü
CHP Kütüphanesi CHP Kütüphanesi 01/09/2019 Bağış   323.1191590561 K26k 1994 018687 01/09/2019 01/09/2019 Books